Central Library OPAC University of Rajshahi

The history of the University of Dacca / (Record no. 60543)

MARC details
000 -LEADER
fixed length control field 00876nam a2200301 a 4500
001 - CONTROL NUMBER
control field 60543
003 - CONTROL NUMBER IDENTIFIER
rucl marc code BD-RjUL
005 - DATE AND TIME OF LATEST TRANSACTION
control field 20211209080845.0
008 - FIXED-LENGTH DATA ELEMENTS--GENERAL INFORMATION
fixed length control field 170101s1981 bg abf b 000 0 eng
020 ## - INTERNATIONAL STANDARD BOOK NUMBER
Terms of availability Tk100.00 ($20.00 U.S.)
035 ## - SYSTEM CONTROL NUMBER
System control number (OCoLC)8765658
System control number (OCoLC)ocm08765658
System control number (CStRLIN)NYCG84-B62962
System control number (BD-RjUL)60667
System control number (NNC)257532
040 ## - CATALOGING SOURCE
Original cataloging agency BD-RjUL
Language of cataloging eng
Transcribing agency BD-RjUL
041 ## - LANGUAGE CODE
Language code of text/sound track or separate title eng
082 0# - DEWEY DECIMAL CLASSIFICATION NUMBER
Classification number 378.54922
Author mark and year RAH 1981
090 ## - LOCALLY ASSIGNED LC-TYPE CALL NUMBER (OCLC); LOCAL CALL NUMBER (OCLC)
Classification number (OCLC) (R) ; Classification number, CALL (RLIN) (NR) LG113
Local cutter number (OCLC) ; Book number/undivided call number, CALL (RLIN) .R33 1981
100 1# - MAIN ENTRY--PERSONAL NAME
Personal name Rahim, Muhammad Abdur.
9 (RLIN) 180310
245 14 - TITLE STATEMENT
Title The history of the University of Dacca /
Statement of responsibility, etc. Muhammad Abdur Rahim.
260 ## - PUBLICATION, DISTRIBUTION, ETC. (IMPRINT)
Place of publication, distribution, etc. Dacca :
Name of publisher, distributor, etc. University of Dacca,
Date of publication, distribution, etc. 1981.
300 ## - PHYSICAL DESCRIPTION
Pagination xii, 266 p. :
Illustrations ill. ;
Size 25 cm.
504 ## - BIBLIOGRAPHY, ETC. NOTE
Bibliography, etc Bibliography: p. [265]-266.
610 20 - SUBJECT ADDED ENTRY--CORPORATE NAME
Corporate name or jurisdiction name as entry element University of Dacca
942 ## - ADDED ENTRY ELEMENTS (KOHA)
Source of classification or shelving scheme Dewey Decimal Classification
Koha item type Books
Holdings
Lost status Source of classification or shelving scheme Damaged status Not for loan Collection code Permanent Location Current Location Shelving location Date acquired Total Checkouts Full call number Date last seen Copy number Koha item type
  Dewey Decimal Classification   Not For Loan Non-fiction Central Library, University of Rajshahi Central Library, University of Rajshahi Reading Room 19/03/1984   378.54922 RAH 1981 01/01/2017 C-1 Books